|
|
|
|
| LEADER |
03783nam a22003973i 4500 |
| 001 |
EBC30685975 |
| 003 |
MiAaPQ |
| 005 |
20231204023231.0 |
| 006 |
m o d | |
| 007 |
cr cnu|||||||| |
| 008 |
231204s2008 xx o ||||0 ger d |
| 020 |
|
|
|a 9783631754573
|q (electronic bk.)
|
| 020 |
|
|
|z 9783631579619
|
| 035 |
|
|
|a (MiAaPQ)EBC30685975
|
| 035 |
|
|
|a (Au-PeEL)EBL30685975
|
| 035 |
|
|
|a (OCoLC)1397571790
|
| 040 |
|
|
|a MiAaPQ
|b eng
|e rda
|e pn
|c MiAaPQ
|d MiAaPQ
|
| 100 |
1 |
|
|a Schodl, Reinhold.
|
| 245 |
1 |
0 |
|a Systematische Analyse und Bewertung Komplexer Supply Chain Prozesse Bei Dynamischer Festlegung des Auftragsentkopplungspunkts.
|
| 250 |
|
|
|a 1st ed.
|
| 264 |
|
1 |
|a Frankfurt a.M. :
|b Peter Lang GmbH, Internationaler Verlag der Wissenschaften,
|c 2008.
|
| 264 |
|
4 |
|c ©2009.
|
| 300 |
|
|
|a 1 online resource (158 pages)
|
| 336 |
|
|
|a text
|b txt
|2 rdacontent
|
| 337 |
|
|
|a computer
|b c
|2 rdamedia
|
| 338 |
|
|
|a online resource
|b cr
|2 rdacarrier
|
| 490 |
1 |
|
|a Forschungsergebnisse der Wirtschaftsuniversitaet Wien Series ;
|v v.28
|
| 505 |
0 |
|
|a Cover -- 1 Einleitung -- 1.1 Problemstellung -- 1.2 Struktur der Arbeit -- 1.3 Methodologische Positionierung -- 2 Theoretische Grundlagen -- 2.1 Analyse von Supply Chain Designs -- 2.1.1 Methodische Grundlagen -- 2.1.2 Methodische Hybridformen -- 2.1.3 Komplexität von Systemen -- 2.1.4 Modell zur Analyse komplexer Supply Chains -- 2.2 Bewertung von Supply Chain Designs -- 2.2.1 Supply Chain Kennzahlen -- 2.2.2 Supply Chain Strategie -- 2.2.3 Multikriterielle Bewertung -- 2.2.4 Modell zur Bewertung komplexer Supply Chains -- 2.3 Marktbezogene Produktionstypen -- 2.3.1 Grundformen -- 2.3.2 Hybridform Make-to-Forecast -- 3 Fallstudie -- 3.1 Problemformulierung -- 3.1.1 Untersuchungsgegenstand -- 3.1.2 Problemstellung -- 3.2 Vorgehensweise -- 3.2.1 Anforderungen -- 3.2.2 Prüfung potenzieller Vorgehensweisen -- 3.2.3 Festlegung der Vorgehensweise -- 3.3 Lösungskonzept -- 3.3.1 Szenarien -- 3.3.1.1 Darstellung der Ist-Situation -- 3.3.1.2 Definition von Verbesserungsstrategien -- 3.3.1.3 Ableitung von Szenarien -- 3.3.2 Modellgrößen -- 3.3.3 Kennzahlen -- 3.4 Analytisches Modell -- 3.4.1 Modellerstellung -- 3.4.2 Verifizierung und Validierung -- 3.4.3 Experimentelles Design -- 3.4.4 Ergebnisanalyse -- 3.5 Komplexitätsreduktion -- 3.5.1 Grundlagen der Komplexitätsreduktion -- 3.5.2 Durchführung der Komplexitätsreduktion -- 3.6 Simulationsmodell -- 3.6.1 Modellerstellung -- 3.6.1.1 Inputdaten -- 3.6.1.2 Modellaufbau -- 3.6.1.3 Outputdaten -- 3.6.2 Verifizierung und Validierung -- 3.6.3 Experimentelles Design -- 3.6.4 Ergebnisanalyse -- 3.6.4.1 Signifikanz des Unterschieds der Alternativen -- 3.6.4.2 Alternativenvergleich anhand der Kennzahlen -- 3.6.4.3 Einfluss des Prognosehorizonts -- 3.6.4.4 Einfluss des Prognoserisikos -- 3.7 Bewertung -- 3.8 Ergebnisinterpretation -- 3.8.1 Fallbezogene Ergebnisse -- 3.8.2 Allgemeine Erkenntnisse.
|
| 505 |
8 |
|
|a 4 Zusammenfassung -- 5 Quellenverzeichnis.
|
| 588 |
|
|
|a Description based on publisher supplied metadata and other sources.
|
| 590 |
|
|
|a Electronic reproduction. Ann Arbor, Michigan : ProQuest Ebook Central, 2023. Available via World Wide Web. Access may be limited to ProQuest Ebook Central affiliated libraries.
|
| 655 |
|
4 |
|a Electronic books.
|
| 776 |
0 |
8 |
|i Print version:
|a Schodl, Reinhold
|t Systematische Analyse und Bewertung Komplexer Supply Chain Prozesse Bei Dynamischer Festlegung des Auftragsentkopplungspunkts
|d Frankfurt a.M. : Peter Lang GmbH, Internationaler Verlag der Wissenschaften,c2008
|z 9783631579619
|
| 797 |
2 |
|
|a ProQuest (Firm)
|
| 830 |
|
0 |
|a Forschungsergebnisse der Wirtschaftsuniversitaet Wien Series
|
| 856 |
4 |
0 |
|u https://ebookcentral.proquest.com/lib/matrademy/detail.action?docID=30685975
|z Click to View
|